000 00556nam a2200157 4500
001 145052
003 ES-MaACL
005 20230906201144.0
007 t|
008 070214s1924 gw r ||||1| ger d
100 1 _aSombart, Werner.
_9107262
245 1 0 _aDer moderne kapitalismus
_b: historische-systematische Darstellun des gesamteuropèaischen Wirtschaftslebens von seinen Anfèangen bis zur Gegenwart /
_cWerner Sombart.
260 _aMünchen :
_bVerlag von Duncker & Humboldt,
_c1924.
300 _a4 v. ;
_c25 cm.
852 _aES-MaACL
_jA-4767-70
999 _c145052
_d145052